000 00216nam a2200097Ia 4500
008 220204s9999 xx 000 0 und d
082 _a82-3
_bWIL
100 _aWillis, Ted
245 0 _aChurchill commando
942 _cBK
999 _c32239
_d32239